Accountable Lok Sabha: the core of democratic governance (Record no. 398273)

000 -LEADER
fixed length control field 00478cam a22001577a 4500
008 - FIXED-LENGTH DATA ELEMENTS--GENERAL INFORMATION
fixed length control field 180718b2001 xxu||||| |||| 00| 0 eng d
020 ## - INTERNATIONAL STANDARD BOOK NUMBER
International Standard Book Number 8190122908
082 ## - DEWEY DECIMAL CLASSIFICATION NUMBER
Classification number G22x54 P192
100 ## - MAIN ENTRY--PERSONAL NAME
Personal name Pandey, Saurabh
245 ## - TITLE STATEMENT
Title Accountable Lok Sabha: the core of democratic governance
Statement of responsibility, etc. by Saurabh Pandey
260 ## - PUBLICATION, DISTRIBUTION, ETC.
Place of publication, distribution, etc. Delhi
Name of publisher, distributor, etc. Nirmal Law Forum
Date of publication, distribution, etc. 2001
300 ## - PHYSICAL DESCRIPTION
Extent 139p.
650 ## - SUBJECT ADDED ENTRY--TOPICAL TERM
Topical term or geographic name entry element Constitutional law --India
650 ## - SUBJECT ADDED ENTRY--TOPICAL TERM
Topical term or geographic name entry element Democracy --India
650 ## - SUBJECT ADDED ENTRY--TOPICAL TERM
Topical term or geographic name entry element India. Parliament. Lok Sabha
Holdings
Withdrawn status Lost status Damaged status Not for loan Permanent Location Current Location Date acquired Full call number Barcode Date last seen Price effective from Koha item type
        Indian Institute of Public Administration Indian Institute of Public Administration 2001-08-25 G22x54 P192 76884 2018-07-21 2018-07-21 Book

Powered by Koha